Descobreix el turisme esportiu : Barcelona és molt més Barcelona és molt més
Descripción Física:
23 pàgines : il·lustracions ; 24 cm
Idioma:
Catalán
MARC
| LEADER | 00000nam a22000007a 4500 | ||
|---|---|---|---|
| 001 | 25704 | ||
| 003 | Arxiu | ||
| 008 | 220530b spa||||| |||| 00| 0 cat d | ||
| 017 | |a DL B 1871-2015 | ||
| 080 | |a FU-69-84 | ||
| 245 | 1 | 0 | |a Descobreix el turisme esportiu : |b Barcelona és molt més |
| 260 | |a Barcelona : |b Diputació de Barcelona, |c 2015 | ||
| 300 | |a 23 pàgines : |b il·lustracions ; |c 24 cm | ||
| 500 | |a A la portada: Barcelona és Molt Més. | ||
| 650 | 0 | |a Turisme esportiu |z Barcelona (Catalunya : Província) |9 51207 | |
| 710 | 2 | |a Barcelona és Molt Més |e marca turística |9 51323 | |
| 710 | 1 | |a Barcelona (Catalunya : Província). |b Diputació |9 52408 | |
| 942 | |c ARXIU |n 1 |2 udc | ||
| 952 | |0 0 |1 0 |4 0 |6 FU6984 |7 1 |9 62096 |a Arxiu |b Arxiu |d 2022-05-30 |l 0 |o FU-69-84 |p 25704 |r 2022-05-30 00:00:00 |w 2022-05-30 |y ARXIU | ||
| 999 | |c 81805 |d 81805 | ||